[Event "XX Miedzynarodowy Turniej Szachowy"]
[Site "Kowalewo Pomorskie"]
[Date "2013.07.11"]
[Round "3.15"]
[White "Zebracki, Tomasz"]
[Black "Kindler, Przemyslaw"]
[Result "1-0"]
[WhiteElo "1929"]
[BlackElo "1768"]
[PlyCount "93"]
[EventDate "2013.??.??"]

1. e4 c5 2. Nf3 e6 3. c3 Nf6 4. e5 Nd5 5. d4 cxd4 6. cxd4 d6 7. Bd3 dxe5 8.
dxe5 Bb4+ 9. Bd2 Nf4 10. Bb5+ Bd7 11. Bxd7+ Qxd7 12. O-O Bxd2 13. Nbxd2 Nc6 14.
Qc2 O-O 15. Ne4 Qd3 16. Qa4 Ne2+ 17. Kh1 b5 18. Qd1 Nf4 19. Nd6 Qg6 20. g3 Nd3
21. Nh4 Qg5 22. Qxd3 Qxe5 23. f4 Qc5 24. Rac1 Nb4 25. Rxc5 Nxd3 26. Rxb5 Rad8
27. Ne4 Rc8 28. Rd1 Rfd8 29. Rb3 f5 30. Rbxd3 Rxd3 31. Rxd3 fxe4 32. Rd2 a5 33.
Kg2 e5 34. fxe5 Rf8 35. Re2 g5 36. Rxe4 gxh4 37. Rg4+ Kh8 38. Rxh4 Rb8 39. b3
Kg7 40. e6 Kf6 41. Rxh7 Kxe6 42. Rh5 a4 43. bxa4 Rb2+ 44. Kh3 Rxa2 45. Ra5 Kf6
46. Ra8 Ke6 47. g4 1-0

[Event "XX Miedzynarodowy Turniej Szachowy"]
[Site "Kowalewo Pomorskie"]
[Date "2013.07.11"]
[Round "3.16"]
[White "Karpus, Michal"]
[Black "Pawlowski, Pawel"]
[Result "1/2-1/2"]
[WhiteElo "1764"]
[BlackElo "1804"]
[PlyCount "77"]
[EventDate "2013.??.??"]

1. e4 e6 2. d3 c5 3. Nd2 Nc6 4. Ngf3 g6 5. g3 Bg7 6. Bg2 Nge7 7. O-O O-O 8. Re1
d6 9. a4 Qc7 10. c3 b6 11. Nf1 Bb7 12. Be3 d5 13. Qc2 dxe4 14. dxe4 Rfd8 15.
Rad1 Rxd1 16. Rxd1 Rd8 17. Rxd8+ Qxd8 18. Qd2 Kf8 19. Qxd8+ Nxd8 20. N3d2 Bc6
21. a5 Bb5 22. f4 h5 23. Kf2 Ke8 24. h3 Kd7 25. g4 hxg4 26. hxg4 Ndc6 27. axb6
axb6 28. Ng3 Bd3 29. Bf1 Bxf1 30. Kxf1 f5 31. gxf5 exf5 32. Ke2 fxe4 33. Ndxe4
Nf5 34. Nxf5 gxf5 35. Ng3 Ne7 36. Kd3 Kc6 37. Bf2 Kb5 38. b3 Kc6 39. Be3
1/2-1/2

[Event "XX Miedzynarodowy Turniej Szachowy"]
[Site "Kowalewo Pomorskie"]
[Date "2013.07.11"]
[Round "3.17"]
[White "Sobczynski, Roman"]
[Black "Smal, Tobiasz"]
[Result "1/2-1/2"]
[WhiteElo "1880"]
[BlackElo "1893"]
[PlyCount "79"]
[EventDate "2013.??.??"]

1. e4 c5 2. Nf3 d6 3. d4 cxd4 4. Nxd4 Nf6 5. Nc3 a6 6. Be2 e6 7. O-O Be7 8. a4
Qc7 9. Be3 Nbd7 10. a5 O-O 11. f4 b5 12. axb6 Nxb6 13. Kh1 Bb7 14. Bd3 Nc4 15.
Bc1 Rfc8 16. Qe2 d5 17. e5 Nd7 18. Rf3 g6 19. Nb3 Bb4 20. Rh3 Ncxe5 21. fxe5
Nxe5 22. Bf4 Bd6 23. Rf1 Nxd3 24. Bxd6 Qxd6 25. Qxd3 f5 26. Nd4 Rf8 27. Qe3
Rae8 28. Qh6 Re7 29. Nf3 d4 30. Ng5 Qd7 31. Ne2 e5 32. Ng3 Rg7 33. Nxh7 Rxh7
34. Qxg6+ Rg7 35. Qh5 f4 36. Qh8+ Kf7 37. Qh5+ Kg8 38. Qh8+ Kf7 39. Qh5+ Kg8
40. Qh8+ 1/2-1/2

[Event "XX Miedzynarodowy Turniej Szachowy"]
[Site "Kowalewo Pomorskie"]
[Date "2013.07.11"]
[Round "3.18"]
[White "Balkiewicz, Henryk"]
[Black "Augustowski, Janusz"]
[Result "0-1"]
[WhiteElo "1808"]
[BlackElo "1860"]
[PlyCount "80"]
[EventDate "2013.??.??"]

1. Nf3 Nf6 2. d4 d5 3. c4 e6 4. g3 g6 5. Bg2 Bg7 6. Nc3 O-O 7. O-O b6 8. Bg5
Bb7 9. Ne5 c6 10. Rc1 h6 11. cxd5 exd5 12. Be3 Qe7 13. Qd2 Kh7 14. h3 Nbd7 15.
Nd3 Rac8 16. b4 Rfd8 17. a3 Ne8 18. Na4 Nd6 19. Nab2 Nb5 20. Ne1 Nxa3 21. Nf3
Nb5 22. Nd3 Nf6 23. h4 Ne4 24. Qa2 Nxg3 25. fxg3 Qxe3+ 26. Kh2 Rc7 27. Nfe5
Nxd4 28. Nxf7 Rdd7 29. h5 Rxf7 30. hxg6+ Kxg6 31. Qb1 Kg5 32. Nf4 Rxf4 33.
gxf4+ Kf6 34. Qh7 Nf5 35. Bxd5 Qxe2+ 36. Bg2 c5 37. Rg1 Rc8 38. Rce1 Qd2 39.
Re5 Qxf4+ 40. Kh1 Qh4# 0-1

[Event "XX Miedzynarodowy Turniej Szachowy"]
[Site "Kowalewo Pomorskie"]
[Date "2013.07.11"]
[Round "3.19"]
[White "Rogalski, Krzysztof"]
[Black "Chylewski, Patryk"]
[Result "1/2-1/2"]
[WhiteElo "1821"]
[BlackElo "1740"]
[PlyCount "53"]
[EventDate "2013.??.??"]

1. d4 Nf6 2. c4 g6 3. Nc3 d5 4. Nf3 Bg7 5. Bf4 O-O 6. e3 c5 7. dxc5 Qa5 8. Qb3
dxc4 9. Bxc4 Qxc5 10. O-O Nc6 11. Qb5 Qxb5 12. Bxb5 Bf5 13. Ne5 Nxe5 14. Bxe5
Rfd8 15. Rfd1 Ne4 16. Bxg7 Kxg7 17. Nxe4 Bxe4 18. Rac1 Rac8 19. f3 Bf5 20. e4
Be6 21. b3 Rxd1+ 22. Rxd1 Rc2 23. Bd7 Bxd7 24. Rxd7 Rxa2 25. Rxb7 e6 26. h4 Rb2
27. Rxa7 1/2-1/2

[Event "XX Miedzynarodowy Turniej Szachowy"]
[Site "Kowalewo Pomorskie"]
[Date "2013.07.12"]
[Round "4.1"]
[White "Warakomski, Tomasz"]
[Black "Jaroch, Karol"]
[Result "1-0"]
[WhiteElo "2498"]
[BlackElo "2241"]
[PlyCount "133"]
[EventDate "2013.??.??"]

1. e4 e6 2. d4 d5 3. Nd2 c5 4. exd5 exd5 5. Ngf3 Nc6 6. Bb5 a6 7. Bxc6+ bxc6 8.
O-O Bd6 9. dxc5 Bxc5 10. Nb3 Bd6 11. Qd4 Qf6 12. Re1+ Ne7 13. Be3 Qxd4 14. Bxd4
f6 15. Bc5 Kd7 16. Nfd4 Bxc5 17. Nxc5+ Kd6 18. Rad1 Nf5 19. Ndb3 Ra7 20. c4 Rd8
21. cxd5 cxd5 22. Rxd5+ Kxd5 23. Rd1+ Kc4 24. Rxd8 Rc7 25. Na4 Kb4 26. Nc3 Be6
27. Rb8+ Kc4 28. Kf1 Nd4 29. Rb6 Bc8 30. Nxd4 Kxd4 31. Rd6+ Kc5 32. Ne4+ Kb5
33. Rd5+ Kb6 34. Ke2 Bb7 35. Rd6+ Ka5 36. f3 Rc2+ 37. Rd2 Bxe4 38. fxe4 Rc1 39.
Kd3 Kb4 40. Re2 Ra1 41. e5 fxe5 42. Re4+ Kb5 43. Rxe5+ Kb4 44. Re4+ Kb5 45. a3
Rg1 46. Rg4 g6 47. Rg5+ Ka4 48. Kc2 Re1 49. Rg4+ Kb5 50. Kd2 Rg1 51. b3 Ra1 52.
Rg5+ Kb6 53. a4 a5 54. Rb5+ Ka6 55. Ke2 Rc1 56. Kf3 Rc6 57. h4 h6 58. g4 Rc3+
59. Kf4 Rh3 60. h5 gxh5 61. Rxh5 Rxb3 62. Rxh6+ Kb7 63. g5 Rb4+ 64. Kf5 Rxa4
65. g6 Ra1 66. g7 Rf1+ 67. Ke6 1-0

[Event "XX Miedzynarodowy Turniej Szachowy"]
[Site "Kowalewo Pomorskie"]
[Date "2013.07.12"]
[Round "4.2"]
[White "Kukula, Pawel"]
[Black "Sieciechowicz, Marcin"]
[Result "0-1"]
[WhiteElo "2250"]
[BlackElo "2462"]
[PlyCount "160"]
[EventDate "2013.??.??"]

1. d4 Nf6 2. c4 g6 3. Nc3 d5 4. h4 Bg7 5. h5 Nxh5 6. cxd5 e6 7. e4 exd5 8. e5
Bf8 9. g4 Ng7 10. Bh6 Nc6 11. Bg2 Be6 12. Nh3 Qd7 13. Bf3 O-O-O 14. Nf4 Ne7 15.
Bg5 Kb8 16. Nd3 Re8 17. Nc5 Qc8 18. Nxe6 Nxe6 19. Bf6 Bg7 20. Bxg7 Nxg7 21.
Nxd5 Nxd5 22. Bxd5 f6 23. Qf3 fxe5 24. O-O-O Rhf8 25. Qg3 h5 26. f3 hxg4 27.
fxg4 e4 28. Rh7 Qd7 29. Qb3 c6 30. Bc4 Rf3 31. Qb4 e3 32. Be2 Rf2 33. Qc4 a6
34. a3 Qf7 35. Qd3 Re7 36. Kb1 Qf6 37. Rh6 Re6 38. Re1 Ne8 39. Ka2 Nc7 40. Rh7
Nb5 41. d5 cxd5 42. Qxd5 Rb6 43. Rd7 Nd6 44. b4 Nb5 45. Rd8+ Ka7 46. Qg8 Qe6+
47. Qxe6 Rxe6 48. Kb3 Nd6 49. a4 Ne4 50. Bd3 Nd2+ 51. Kc3 Nf3 52. Re2 Rc6+ 53.
Kb3 Nd2+ 54. Kb2 Nc4+ 55. Kb3 Nd2+ 56. Kb2 Rf4 57. b5 Rb4+ 58. Ka3 Rb3+ 59. Ka2
Rcc3 60. Rxe3 Ra3+ 61. Kb2 Nc4+ 62. Bxc4 Rxe3 63. Rd6 axb5 64. axb5 b6 65. Rxg6
Ra4 66. Be6 Rb4+ 67. Kc2 Rxb5 68. Bf5 Rd5 69. Rg8 Rg3 70. Be4 Rc5+ 71. Kb2 Ka6
72. Ra8+ Kb5 73. Bf5 Kb4 74. Re8 Rg2+ 75. Kb1 b5 76. Re4+ Rc4 77. Re5 Rf4 78.
Bd3 Kc3 79. Bxb5 Rb4+ 80. Ka1 Rg1+ 0-1

[Event "XX Miedzynarodowy Turniej Szachowy"]
[Site "Kowalewo Pomorskie"]
[Date "2013.07.12"]
[Round "4.3"]
[White "Paprocki, Jaroslaw"]
[Black "Zielinski, Wojciech"]
[Result "1/2-1/2"]
[WhiteElo "2218"]
[BlackElo "2154"]
[PlyCount "55"]
[EventDate "2013.??.??"]

1. d4 e6 2. c4 Nf6 3. g3 d5 4. Nf3 Be7 5. Bg2 O-O 6. O-O Nbd7 7. b3 dxc4 8.
bxc4 c5 9. e3 cxd4 10. exd4 Nb6 11. Qe2 Qc7 12. Ba3 Bxa3 13. Nxa3 Bd7 14. Ne5
Bc6 15. f3 Rfd8 16. Rad1 Rac8 17. Bh3 Qe7 18. Rd3 Be8 19. Rb1 Nfd7 20. Nxd7
Rxd7 21. c5 Nd5 22. Nb5 b6 23. Nd6 Rc6 24. Qf2 Rdc7 25. Nb5 Rb7 26. Nd6 Rbc7
27. Nb5 Rb7 28. Nd6 1/2-1/2

[Event "XX Miedzynarodowy Turniej Szachowy"]
[Site "Kowalewo Pomorskie"]
[Date "2013.07.12"]
[Round "4.4"]
[White "Kaczmarek, Arkadiusz"]
[Black "Siembab, Bartosz"]
[Result "0-1"]
[WhiteElo "2027"]
[BlackElo "2258"]
[PlyCount "90"]
[EventDate "2013.??.??"]

1. d4 Nf6 2. c4 c5 3. d5 b5 4. Nf3 d6 5. cxb5 a6 6. b6 Qxb6 7. Nc3 g6 8. a4 Bg7
9. a5 Qc7 10. Nd2 O-O 11. e4 Nbd7 12. Nc4 Rb8 13. Be2 Rb4 14. Qc2 Ne8 15. Na4
Ne5 16. Bd2 Rb8 17. O-O f5 18. f3 Bd7 19. Nab6 Bb5 20. Bc3 Nxc4 21. Bxc4 Bxc3
22. Qxc3 fxe4 23. fxe4 Nf6 24. e5 Ng4 25. e6 Ne5 26. Bxb5 axb5 27. b4 Rxf1+ 28.
Rxf1 c4 29. Qd4 Qa7 30. Kh1 Qc7 31. Qf4 c3 32. h3 c2 33. Qd2 Nd3 34. Nd7 Rc8
35. Qxd3 c1=Q 36. Qxb5 Qd2 37. a6 Qcc2 38. Rg1 Qf2 39. Qb7 Qxg1+ 40. Kxg1 Qc1+
41. Kf2 Qf4+ 42. Ke2 Rc2+ 43. Kd3 Qc4+ 44. Ke3 Re2+ 45. Kf3 Qe4+ 0-1

[Event "XX Miedzynarodowy Turniej Szachowy"]
[Site "Kowalewo Pomorskie"]
[Date "2013.07.12"]
[Round "4.5"]
[White "Budrewicz, Krzysztof"]
[Black "Bes, Michal"]
[Result "1-0"]
[WhiteElo "2196"]
[BlackElo "2000"]
[PlyCount "149"]
[EventDate "2013.??.??"]

1. d4 d5 2. c4 e6 3. Nc3 Nf6 4. Nf3 Be7 5. Bf4 O-O 6. e3 c6 7. Qc2 Nbd7 8. Rd1
Qa5 9. Nd2 Nh5 10. Bg3 f5 11. Bd3 Nxg3 12. hxg3 Nf6 13. O-O Ng4 14. Rfe1 Bg5
15. Nf1 Qc7 16. f3 Nf6 17. Ne2 b6 18. Nf4 Bd7 19. cxd5 Nxd5 20. Bc4 Qd6 21. a3
a5 22. Ba2 Kh8 23. Nh3 Bh6 24. Nf2 e5 25. Bxd5 cxd5 26. dxe5 Qxe5 27. Qb3 Be6
28. Qxb6 Bg8 29. Qd4 Qb8 30. f4 Rc8 31. Rc1 Rc4 32. Rxc4 dxc4 33. g4 fxg4 34.
Nxg4 Ra6 35. Rd1 Qb6 36. Qxb6 Rxb6 37. Rd2 g5 38. Nxh6 Rxh6 39. fxg5 Rb6 40.
Rc2 Kg7 41. Nd2 Kg6 42. Nxc4 Bxc4 43. Rxc4 Rxb2 44. Rc6+ Kxg5 45. Rc5+ Kg4 46.
Kh2 Rb3 47. Rxa5 Rxe3 48. Ra8 h6 49. a4 Ra3 50. a5 Kg5 51. a6 Kg6 52. g3 Kg7
53. Kh3 Kh7 54. Kg4 Kg6 55. Kf4 Kg7 56. Kf5 Rf3+ 57. Kg4 Rf6 58. Ra7+ Kg6 59.
Kh4 Rf3 60. Rb7 Ra3 61. Rb6+ Kg7 62. Kg4 Ra4+ 63. Kf5 Ra5+ 64. Ke6 Ra3 65. g4
Kg6 66. Kd7+ Kg5 67. Kc7 Ra4 68. Kb7 Rxg4 69. a7 Ra4 70. Ra6 Rb4+ 71. Kc6 Rc4+
72. Kd5 Rc8 73. a8=Q Rxa8 74. Rxa8 h5 75. Ke4 1-0

[Event "XX Miedzynarodowy Turniej Szachowy"]
[Site "Kowalewo Pomorskie"]
[Date "2013.07.12"]
[Round "4.6"]
[White "Zurkowski, Andrzej"]
[Black "Krainski, Slawomir"]
[Result "1/2-1/2"]
[WhiteElo "2020"]
[BlackElo "2035"]
[PlyCount "87"]
[EventDate "2013.??.??"]

1. d4 d5 2. Nf3 c6 3. c4 Nf6 4. Nc3 a6 5. e3 b5 6. cxd5 cxd5 7. Bd3 Bb7 8. O-O
e6 9. Ne5 Nbd7 10. f4 Bd6 11. a3 O-O 12. Qf3 b4 13. axb4 Bxb4 14. Bd2 Ne4 15.
Bxe4 dxe4 16. Qe2 a5 17. Rfc1 Nxe5 18. fxe5 f6 19. exf6 Qxf6 20. Rf1 Qe7 21.
Qg4 e5 22. Nxe4 exd4 23. Bxb4 axb4 24. Rxa8 Rxa8 25. Ng5 h6 26. Ne6 dxe3 27.
Qc4 Kh8 28. Nf4 Qe4 29. Qxe4 Bxe4 30. Re1 b3 31. Rxe3 Bc2 32. Kf2 Ra2 33. Ke2
Rxb2 34. Kd2 Rb1 35. Kc3 Rd1 36. Re2 Rd6 37. Ne6 Rc6+ 38. Kb2 Bd1 39. Re1 Rd6
40. Kc3 Bc2 41. Nc5 Rg6 42. Re2 Rc6 43. Re5 Rg6 44. Re2 1/2-1/2

[Event "XX Miedzynarodowy Turniej Szachowy"]
[Site "Kowalewo Pomorskie"]
[Date "2013.07.12"]
[Round "4.7"]
[White "Sliwicki, Damian"]
[Black "Kamieniecki, Tomasz"]
[Result "1-0"]
[WhiteElo "2027"]
[BlackElo "1963"]
[PlyCount "49"]
[EventDate "2013.??.??"]

1. Nf3 Nf6 2. g3 g6 3. c4 Bg7 4. Bg2 O-O 5. O-O d6 6. d4 Nbd7 7. Nc3 e5 8. dxe5
dxe5 9. Rb1 c6 10. b4 Re8 11. c5 Qc7 12. Nd2 a5 13. a3 axb4 14. axb4 b6 15. Nb5
cxb5 16. Bxa8 bxc5 17. bxc5 Ba6 18. Bg2 Nxc5 19. Ba3 Ne6 20. Nb3 Rd8 21. Qc1
Qc4 22. Na5 Qxe2 23. Nc6 Ra8 24. Re1 Qa2 25. Nb4 1-0

[Event "XX Miedzynarodowy Turniej Szachowy"]
[Site "Kowalewo Pomorskie"]
[Date "2013.07.12"]
[Round "4.8"]
[White "Banasik, Krzysztof"]
[Black "Zebracki, Tomasz"]
[Result "0-1"]
[WhiteElo "2287"]
[BlackElo "1929"]
[PlyCount "126"]
[EventDate "2013.??.??"]

1. e4 e6 2. d3 c5 3. Nf3 Nc6 4. g3 g6 5. Bg2 Bg7 6. O-O Nge7 7. c3 O-O 8. Be3
d6 9. d4 cxd4 10. Nxd4 Nxd4 11. Bxd4 e5 12. Be3 Be6 13. Qa4 Qc7 14. Rd1 Rfd8
15. Na3 d5 16. Bg5 f6 17. Be3 dxe4 18. Bxe4 f5 19. Bg2 a6 20. Qb4 Nd5 21. Qb3
Nf4 22. Qxb7 Nh3+ 23. Kh1 Qxb7 24. Bxb7 f4 25. Bxa8 Rxa8 26. Bc5 Bf8 27. Bxf8
Nxf2+ 28. Kg1 Nxd1 29. Rxd1 Kxf8 30. Re1 fxg3 31. hxg3 Bxa2 32. Rxe5 Rd8 33.
Re2 Rd3 34. Kh2 Bd5 35. Nc2 Rd1 36. g4 Rh1+ 37. Kg3 Rg1+ 38. Kf4 Rf1+ 39. Kg5
Kg7 40. Ne3 Rf3 41. Kh4 Be6 42. Nf5+ Bxf5 43. gxf5 Rxf5 44. Re7+ Rf7 45. Re6
Rb7 46. b4 Rc7 47. Re3 Rc4+ 48. Kg3 h5 49. Rd3 Kh6 50. Kh3 Rc6 51. Kg3 g5 52.
Kh3 h4 53. Kg4 Rc4+ 54. Kh3 Kh5 55. Re3 g4+ 56. Kg2 Kg5 57. Re6 Rxc3 58. Rxa6
h3+ 59. Kh2 Rc2+ 60. Kh1 g3 61. Ra1 Kg4 62. b5 h2 63. Ra4+ Kh3 0-1

[Event "XX Miedzynarodowy Turniej Szachowy"]
[Site "Kowalewo Pomorskie"]
[Date "2013.07.12"]
[Round "4.9"]
[White "Kowalczyk, Rafal"]
[Black "Renkowski, Piotr"]
[Result "0-1"]
[WhiteElo "2135"]
[BlackElo "2004"]
[PlyCount "118"]
[EventDate "2013.??.??"]

1. e4 e5 2. f4 exf4 3. Bc4 d6 4. d4 Qh4+ 5. Kf1 Be6 6. Qd3 Bxc4 7. Qxc4 Qe7 8.
Qb5+ c6 9. Qf5 Nd7 10. Qxf4 g6 11. Nc3 Bg7 12. Nf3 Ngf6 13. Bd2 O-O 14. g4 Qe6
15. h3 Rae8 16. Re1 Qc4+ 17. Kg2 d5 18. e5 Ne4 19. b3 Qa6 20. Nxe4 dxe4 21.
Qxe4 c5 22. Bc3 Nf6 23. Qd3 Qxd3 24. cxd3 Nd5 25. Bd2 cxd4 26. Re4 f6 27. Rxd4
Nb6 28. exf6 Rxf6 29. Re4 Ref8 30. Rf1 Rc6 31. Ne1 Nd5 32. Rxf8+ Kxf8 33. Ra4
a6 34. Rc4 Re6 35. Nf3 Ne3+ 36. Bxe3 Rxe3 37. Kf2 Rxd3 38. Rc7 b6 39. Ke2 Rc3
40. Rxc3 Bxc3 41. Kd3 Bf6 42. Kc4 h5 43. Kd5 hxg4 44. hxg4 Kf7 45. Ne5+ Kg7 46.
Nd7 Bd8 47. b4 Kh6 48. Nb8 Kg5 49. Nxa6 Kxg4 50. Ke4 Kh3 51. Nb8 g5 52. Nd7 g4
53. Ne5 g3 54. Nf3 b5 55. Ng1+ Kg4 56. Nf3 g2 57. Ne5+ Kg3 58. Nf3 Bb6 59. a3
Ba7 0-1

[Event "XX Miedzynarodowy Turniej Szachowy"]
[Site "Kowalewo Pomorskie"]
[Date "2013.07.12"]
[Round "4.10"]
[White "Tarczykowski, Janusz"]
[Black "Teclaf, Pawel"]
[Result "1/2-1/2"]
[WhiteElo "2026"]
[BlackElo "1863"]
[PlyCount "38"]
[EventDate "2013.??.??"]

1. d4 Nf6 2. c4 g6 3. Nc3 d5 4. Nf3 Bg7 5. Bf4 O-O 6. e3 c5 7. dxc5 Qa5 8. Rc1
dxc4 9. Bxc4 Nbd7 10. O-O Nxc5 11. h3 Be6 12. Bxe6 Nxe6 13. Bh2 Rac8 14. a3
Rfd8 15. Qe2 Nd5 16. Nxd5 Qxd5 17. Rfd1 Qb3 18. Rxd8+ Rxd8 19. Be5 Bxe5 1/2-1/2

[Event "XX Miedzynarodowy Turniej Szachowy"]
[Site "Kowalewo Pomorskie"]
[Date "2013.07.12"]
[Round "4.11"]
[White "Zielinski, Olgierd"]
[Black "Rak, Tomasz"]
[Result "0-1"]
[WhiteElo "1900"]
[BlackElo "2023"]
[PlyCount "104"]
[EventDate "2013.??.??"]

1. e4 c6 2. d4 d5 3. Nc3 dxe4 4. Nxe4 Nf6 5. Nxf6+ gxf6 6. Bc4 h5 7. c3 Nd7 8.
Qb3 e6 9. Nf3 h4 10. Bf4 b5 11. Bd3 Nb6 12. O-O-O a5 13. Rhe1 Nd5 14. Bd2 Bd6
15. Bxb5 Bd7 16. Bf1 Rb8 17. Qc2 Qe7 18. Kb1 Ba3 19. Bc1 Rh5 20. Ka1 Bd6 21.
Re4 f5 22. Ree1 f6 23. Be2 Qf7 24. Bd3 Kf8 25. Qe2 a4 26. Bc4 a3 27. Bb3 Bc8
28. g3 h3 29. Nd2 Kg8 30. Nc4 Bf8 31. Qf3 Rh7 32. Nxa3 Qa7 33. c4 Nb4 34. c5
Rhb7 35. Re2 Nd5 36. Bxd5 cxd5 37. Bf4 Qa4 38. Rdd2 Ra8 39. Re3 Rb4 40. Qd1 Qa7
41. Rb3 Ra4 42. Qh5 Qg7 43. Rb8 e5 44. Rxa8 Rxa8 45. dxe5 fxe5 46. Be3 d4 47.
Bg5 Be6 48. Qh4 Kf7 49. Qh5+ Qg6 50. Qxg6+ Kxg6 51. f4 Bxc5 52. Bh4 e4 0-1

[Event "XX Miedzynarodowy Turniej Szachowy"]
[Site "Kowalewo Pomorskie"]
[Date "2013.07.12"]
[Round "4.12"]
[White "Machlowski, Slawomir"]
[Black "Szopieraj, Dariusz"]
[Result "1/2-1/2"]
[WhiteElo "2159"]
[BlackElo "2069"]
[PlyCount "22"]
[EventDate "2013.??.??"]

1. d4 d5 2. c4 c6 3. Nf3 Nf6 4. g3 g6 5. Bg2 Bg7 6. b3 O-O 7. Bb2 Bf5 8. O-O
Ne4 9. Nc3 Nxc3 10. Bxc3 Be4 11. Qd2 Nd7 1/2-1/2

[Event "XX Miedzynarodowy Turniej Szachowy"]
[Site "Kowalewo Pomorskie"]
[Date "2013.07.12"]
[Round "4.13"]
[White "Rozycki, Bartlomiej"]
[Black "Sliwicka, Alicja"]
[Result "0-1"]
[WhiteElo "2064"]
[BlackElo "1817"]
[PlyCount "44"]
[EventDate "2013.??.??"]

1. e4 c5 2. Nf3 e6 3. c3 d5 4. exd5 Qxd5 5. d4 Nf6 6. Na3 Qd8 7. Bg5 Nbd7 8.
Bd3 Be7 9. Qe2 h6 10. Bf4 O-O 11. Rd1 cxd4 12. Nxd4 Bxa3 13. bxa3 e5 14. Bxe5
Nxe5 15. Ne6 Bxe6 16. Bh7+ Kxh7 17. Rxd8 Raxd8 18. Qxe5 Rfe8 19. O-O Bxa2 20.
Qa5 a6 21. Qa4 Re2 22. Rd1 b5 0-1

[Event "XX Miedzynarodowy Turniej Szachowy"]
[Site "Kowalewo Pomorskie"]
[Date "2013.07.12"]
[Round "4.14"]
[White "Cichocki, Konrad"]
[Black "Pawlowski, Pawel"]
[Result "1-0"]
[WhiteElo "1958"]
[BlackElo "1804"]
[PlyCount "129"]
[EventDate "2013.??.??"]

1. d4 Nf6 2. c4 g6 3. Nc3 Bg7 4. e4 d6 5. Nf3 O-O 6. Be2 e5 7. O-O Nc6 8. d5
Ne7 9. b4 Nh5 10. c5 f5 11. Ng5 Nf4 12. Bxf4 exf4 13. Rc1 h6 14. cxd6 cxd6 15.
Ne6 Bxe6 16. dxe6 Bxc3 17. Rxc3 fxe4 18. Qd4 d5 19. Rd1 Qd6 20. Qxe4 dxe4 21.
Rxd6 Rfc8 22. Rxc8+ Rxc8 23. Rd7 Rc1+ 24. Bd1 Kf8 25. Kf1 Ra1 26. a4 g5 27. Ke1
g4 28. Rd4 Ng6 29. Rxe4 Ke7 30. Kd2 Ra2+ 31. Bc2 b5 32. a5 Nh4 33. Rxf4 Nxg2
34. Rxg4 Ne1 35. Kxe1 Rxc2 36. Re4 a6 37. h4 h5 38. f4 Rg2 39. f5 Rg8 40. Ke2
Rf8 41. Rf4 Kf6 42. Ke3 Rd8 43. Rd4 Rc8 44. Ke4 Rc1 45. Kd5 Re1 46. Kd6 Kxf5
47. Rd5+ Kf6 48. Rxh5 Rxe6+ 49. Kc5 Kg6 50. Rd5 Re4 51. Rd6+ Kh5 52. Rxa6 Re5+
53. Kc6 Rf5 54. Rb6 Kxh4 55. Rxb5 Rf6+ 56. Kb7 Rf7+ 57. Ka6 Kg4 58. Rb7 Rf6+
59. Ka7 Kf4 60. Re7 Rf5 61. a6 Rd5 62. Kb6 Rd6+ 63. Ka5 Kf5 64. a7 Rd8 65. Rb7
1-0

[Event "XX Miedzynarodowy Turniej Szachowy"]
[Site "Kowalewo Pomorskie"]
[Date "2013.07.12"]
[Round "4.15"]
[White "Smal, Tobiasz"]
[Black "Wisniewski, Szymon"]
[Result "1-0"]
[WhiteElo "1893"]
[BlackElo "1791"]
[PlyCount "73"]
[EventDate "2013.??.??"]

1. d4 Nf6 2. c4 c5 3. Nf3 cxd4 4. Nxd4 g6 5. Nc3 Bg7 6. e4 d6 7. Be2 O-O 8. Be3
Nc6 9. O-O a6 10. Rc1 Nxd4 11. Bxd4 Be6 12. f4 Qa5 13. Bd3 Rfc8 14. b3 b5 15.
f5 Bd7 16. Qe2 bxc4 17. Bxc4 Bb5 18. fxg6 hxg6 19. Nxb5 axb5 20. Bxb5 Rxc1 21.
Rxc1 Qxa2 22. Ra1 Qxa1+ 23. Bxa1 Rxa1+ 24. Kf2 Rb1 25. Qf3 Rb2+ 26. Ke1 Bh6 27.
Bc4 Kg7 28. h4 Rb1+ 29. Ke2 Rh1 30. g3 Rh2+ 31. Kf1 e6 32. Be2 Nh5 33. Kg1 Rh3
34. Qc3+ e5 35. Bxh5 Bf4 36. Bf3 Rxg3+ 37. Kf2 1-0

[Event "XX Miedzynarodowy Turniej Szachowy"]
[Site "Kowalewo Pomorskie"]
[Date "2013.07.12"]
[Round "4.16"]
[White "Augustowski, Janusz"]
[Black "Karpus, Michal"]
[Result "0-1"]
[WhiteElo "1860"]
[BlackElo "1764"]
[PlyCount "60"]
[EventDate "2013.??.??"]

1. d4 Nf6 2. c4 g6 3. Nc3 Bg7 4. e4 d6 5. h3 O-O 6. Bd3 e5 7. d5 a5 8. Nge2 Na6
9. g4 Nc5 10. Bc2 c6 11. Be3 cxd5 12. Bxc5 dxc5 13. exd5 Bd7 14. Ng3 Ne8 15.
Qd2 Nd6 16. Bd3 Rb8 17. a4 Re8 18. O-O-O e4 19. Ngxe4 Nxe4 20. Nxe4 Bxa4 21.
Rde1 b5 22. Nxc5 bxc4 23. Nxa4 cxd3 24. Qxd3 Qc7+ 25. Nc3 Rec8 26. Kc2 Qb6 27.
Rb1 Qxf2+ 28. Qd2 Qf3 29. Qd3 Rxb2+ 30. Kxb2 Qxd3 0-1

[Event "XX Miedzynarodowy Turniej Szachowy"]
[Site "Kowalewo Pomorskie"]
[Date "2013.07.12"]
[Round "4.17"]
[White "Wacior, Maciej"]
[Black "Rogalski, Krzysztof"]
[Result "1/2-1/2"]
[WhiteElo "1758"]
[BlackElo "1821"]
[PlyCount "69"]
[EventDate "2013.??.??"]

1. d4 Nf6 2. Nf3 d5 3. Bf4 e6 4. e3 Nbd7 5. Be2 Be7 6. O-O a6 7. c4 c5 8. Bg3
O-O 9. Nc3 dxc4 10. dxc5 Nxc5 11. Bxc4 b5 12. Bb3 Nxb3 13. Qxb3 Bb7 14. Nd4 Qa5
15. Rac1 Qb4 16. Nce2 Rac8 17. Rfd1 Qxb3 18. axb3 Rfd8 19. h3 Ne4 20. Rxc8 Rxc8
21. Nxe6 Bf6 22. N6d4 Nxg3 23. Nxg3 g6 24. Nge2 Kf8 25. f3 Re8 26. Kf2 Bh4+ 27.
g3 Bf6 28. e4 Rc8 29. Ke3 Bd8 30. Rc1 Rxc1 31. Nxc1 Bb6 32. Nce2 Ke7 33. Kd3
Kd7 34. b4 Bc8 35. g4 1/2-1/2

[Event "XX Miedzynarodowy Turniej Szachowy"]
[Site "Kowalewo Pomorskie"]
[Date "2013.07.12"]
[Round "4.18"]
[White "Kindler, Przemyslaw"]
[Black "Sobczynski, Roman"]
[Result "1/2-1/2"]
[WhiteElo "1768"]
[BlackElo "1880"]
[PlyCount "108"]
[EventDate "2013.??.??"]

1. e4 c5 2. Nf3 d6 3. d4 cxd4 4. Nxd4 Nf6 5. Nc3 a6 6. h3 Qc7 7. g4 e5 8. Nde2
h6 9. Bg2 Be6 10. O-O Be7 11. f4 Nbd7 12. Be3 Nb6 13. b3 exf4 14. Nxf4 Rc8 15.
Ncd5 Bxd5 16. exd5 O-O 17. c4 Nbd7 18. Rc1 Nh7 19. Ne2 Bf6 20. Ng3 Rfe8 21. Bf4
Be5 22. Qf3 Nc5 23. Bxe5 Rxe5 24. h4 Rce8 25. Nf5 Ne4 26. Rc2 Nhf6 27. Re2 b5
28. Qf4 Nc3 29. Rxe5 Rxe5 30. Nxh6+ Kf8 31. Qf3 Ne2+ 32. Kh1 gxh6 33. Rf2 Qe7
34. Qxf6 Qxf6 35. Rxf6 Ke7 36. Rxh6 Nf4 37. cxb5 axb5 38. Bf1 Rxd5 39. a4 bxa4
40. bxa4 Rd1 41. Kg1 Nh3+ 42. Kg2 Nf4+ 43. Kf2 Ra1 44. Bb5 Nd5 45. Rh7 Nc3 46.
Bc4 d5 47. Bd3 Rxa4 48. g5 Ke6 49. h5 Rg4 50. g6 fxg6 51. Bxg6 Ne4+ 52. Ke3 Rh4
53. Rh8 Ng5 54. h6 Kf6 1/2-1/2

[Event "XX Miedzynarodowy Turniej Szachowy"]
[Site "Kowalewo Pomorskie"]
[Date "2013.07.12"]
[Round "4.19"]
[White "Chylewski, Patryk"]
[Black "Balkiewicz, Henryk"]
[Result "1/2-1/2"]
[WhiteElo "1740"]
[BlackElo "1808"]
[PlyCount "99"]
[EventDate "2013.??.??"]

1. d4 Nf6 2. c4 g6 3. Nc3 Bg7 4. e4 d6 5. f4 O-O 6. Nf3 c5 7. d5 e6 8. Bd3 exd5
9. cxd5 Qb6 10. Nd2 Ng4 11. Nc4 Qd8 12. Ne3 Qh4+ 13. g3 Qh3 14. Bf1 Nxe3 15.
Bxe3 Qd7 16. Bg2 Na6 17. Qd3 Nb4 18. Qd2 c4 19. O-O Nd3 20. Rfd1 Qe7 21. Bf1
Bg4 22. Rdb1 Bf3 23. Bxd3 cxd3 24. Qxd3 Bxc3 25. Qxc3 Bxe4 26. Re1 Rac8 27. Qd4
Rc2 28. Bd2 Re8 29. Bc3 f6 30. Bd2 Kf7 31. Re3 Qd7 32. Bc3 Qf5 33. Rae1 Rg2+
34. Kf1 Rxh2 35. R1e2 Rh1+ 36. Kf2 Rh2+ 37. Ke1 Rxe2+ 38. Kxe2 Bxd5 39. Rxe8
Kxe8 40. Qxf6 Qxf6 41. Bxf6 Kf7 42. Bd4 a6 43. a3 b5 44. Ke3 Ke6 45. Bb6 h5 46.
Bd8 Bc4 47. Kd4 Kd7 48. Bf6 Kc6 49. Bd8 Kd7 50. Bb6 1/2-1/2

[Event "XX Miedzynarodowy Turniej Szachowy"]
[Site "Kowalewo Pomorskie"]
[Date "2013.07.13"]
[Round "5.2"]
[White "Siembab, Bartosz"]
[Black "Sliwicki, Damian"]
[Result "1-0"]
[WhiteElo "2258"]
[BlackElo "2027"]
[PlyCount "55"]
[EventDate "2013.??.??"]

1. d4 d5 2. c4 e6 3. Nc3 c6 4. e4 dxe4 5. Nxe4 Bb4+ 6. Bd2 Qxd4 7. Bxb4 Qxe4+
8. Be2 Na6 9. Bd6 Qxg2 10. Bf3 Qg5 11. Ne2 Ne7 12. Rg1 Qa5+ 13. Nc3 Nf5 14. Qd2
Nxd6 15. Qxd6 Qc5 16. Qg3 Nb4 17. O-O-O Bd7 18. a3 a5 19. Qxg7 Rf8 20. axb4
axb4 21. Ne4 Qxc4+ 22. Kd2 Qb3 23. Qf6 Bc8 24. Ke1 Qxd1+ 25. Bxd1 Ra5 26. Rg5
b5 27. Nd6+ Kd7 28. Nxf7 1-0